Famous Donkeys and Elephants Quiz Stats

Quiz not verified by Sporcle

Challenge
Share
Tweet
Score 0/10 Timer 05:00
0 Plays Today
% Correct
Eeyore
98.5%
Dumbo
88.5%
Donkey
80.8%
Babar
76.2%
Horton
56.2%
Democrat
43.8%
Republican
37.7%
Elmer
20%
Nestor
19.2%
Baba Looey
13.8%

You're not logged in!

Compare scores with friends on all Sporcle quizzes.
Sign Up with Email
OR
Log In

You Might Also Like...

Show Comments

Extras

Top Quizzes Today


Score Distribution

Your Account Isn't Verified!

In order to create a playlist on Sporcle, you need to verify the email address you used during registration. Go to your Sporcle Settings to finish the process.